Межмолекулярные взаимодействия и фазовые переходы в нефтяных и концентрированных мицеллярных дисперсных системах: диссертация на соискание ученой степени кандидата технических наук; спец. 1.4.4

Bibliographic Details
Main Author: Ковалева И. В. Ирина Владимировна
Corporate Author: Тюменский государственный университет (570)
Other Authors: Семихина Л. П. Людмила Петровна (научный руководитель)
Summary:Заглавие с титульного экрана
Электронная версия печатной публикации
Защита сост. 23.06.2026
На правах рукописи
Текстовый файл
Language:Russian
Published: Тюмень, 2026
Subjects:
Online Access:https://earchive.tpu.ru/handle/11683/135656
Format: Electronic Book
KOHA link:https://koha.lib.tpu.ru/cgi-bin/koha/opac-detail.pl?biblionumber=686167

MARC

LEADER 00000nam0a2200000 4500
001 686167
005 20260514093136.0
090 |a 686167 
100 |a 20260420d2026 k||y0rusy50 ca 
101 0 |a rus 
102 |a RU 
105 |a a m 001yy 
135 |a drcn ---uucaa 
181 0 |a i   |b  e  
182 0 |a b 
183 0 |a cr  |2 RDAcarrier 
200 1 |a Межмолекулярные взаимодействия и фазовые переходы в нефтяных и концентрированных мицеллярных дисперсных системах  |e диссертация на соискание ученой степени кандидата технических наук  |e спец. 1.4.4  |f И. В. Ковалева  |g науч. рук. Л. П. Семихина ; Тюменский государственный университет 
203 |a Текст  |c электронный  |b визуальный 
210 1 |a Тюмень  |d 2026 
215 |a 1 файл (5,49 МБ, 140 с.)  |c pdf 
283 |2 RDAcarrier  |a online_resource 
300 |a Заглавие с титульного экрана 
300 |a Электронная версия печатной публикации 
300 |a Защита сост. 23.06.2026 
320 |a Список литературы: с. 121-139 (198 назв.) 
333 |a На правах рукописи 
336 |a Текстовый файл 
606 |a Дисперсные системы  |x (химия)  |9 84654 
606 |a Нефть  |x Подготовка к переработке  |9 55952 
610 1 |a физическая химия 
610 1 |a нефтяные дисперсные системы 
610 1 |a мицеллярные дисперсные системы 
610 1 |a нанодисперсные системы 
610 1 |a дисперсные системы 
610 1 |a фазовые переходы 
610 1 |a межмолекулярные взаимодействия 
610 1 |a термодинамические параметры 
610 1 |a вязкость 
610 1 |a вязкие течения 
610 1 |a реология 
610 1 |a термохимическая подготовка 
610 1 |a термодинамические параметры 
610 1 |a обезвоживание 
610 1 |a нефть 
610 1 |a деэмульгаторы 
610 1 |a компенсационный эффект 
610 1 |a синергетический эффект 
610 1 |a псевдофазы 
610 1 |a электронный ресурс 
610 1 |a диссертации 
675 |a 544.77  |v 4 
675 |a 665.62  |v 4 
686 |2 oksvnk  |a 02.00.04 
700 1 |a Ковалева  |b И. В.  |g Ирина Владимировна 
702 1 |a Семихина  |b Л. П.  |g Людмила Петровна  |4 727 
712 0 2 |a Тюменский государственный университет  |4 570  |9 24005 
801 0 |a RU  |b 63413507  |c 20260420  |g RCR 
850 |a 63413507 
856 4 0 |u https://earchive.tpu.ru/handle/11683/135656  |z https://earchive.tpu.ru/handle/11683/135656 
942 |c CF